000 00305nam a2200109Ia 4500
008 190216s9999||||xx |||||||||||||| ||und||
100 _a"Lizziamma. Revathy, Arumugam, Etc"
245 0 _aMedical Colleges Entrance Examination
260 _bSura College Of Competition
_c1985
300 _a302p
942 _cREF
999 _c35712
_d35712